Sisi : císařovniny hvězdy /
Historický román založený na životě skutečné postavy Franzisky Angererové, dvorní kadeřnice císařovny Sisi.
Uloženo v:
| Série: | Významné ženy,
část |
|---|---|
| Hlavní autor: | |
| Další autoři: | |
| Médium: | E-kniha |
| Jazyk: | Czech |
| Vydáno: |
Praha :
Ikar,
2024
|
| Vydání: | Vydání první |
| Témata: | |
| Příbuzné jednotky: | Z cyklu::
Významné ženy |
| Tagy: |
Žádné tagy |
| LEADER | 03114nam a2200613 i 4500 | ||
|---|---|---|---|
| 001 | 312205 | ||
| 003 | CZ PrSKC | ||
| 005 | 20260601215718.0 | ||
| 007 | ta | ||
| 008 | 240116s2024 xr g 000 fdcze | ||
| 015 | |a cnb003536452 | ||
| 020 | |a 9788024952444 |q (vázáno) | ||
| 035 | |a (OCoLC)1425861785 | ||
| 040 | |a ABG001 |b cze |d BOA001 |e rda | ||
| 041 | 1 | |a cze |h ger | |
| 043 | |a e-au--- | ||
| 045 | |a w-w- | ||
| 072 | 7 | |a 821.112.2-3 |x Německá próza, německy psaná |2 Konspekt | |
| 080 | |a 821.112.2-31 |2 MRF | ||
| 080 | |a 929.731-055.2 |2 MRF | ||
| 080 | |a 687.53-055.2 |2 MRF | ||
| 080 | |a (436) |2 MRF | ||
| 080 | |a (0:82-311.6) |2 MRF | ||
| 100 | 1 | |a Andeck, Mara, |d 1967- |7 xx0312843 |4 aut | |
| 240 | 1 | 0 | |a Sisi - die Sterne der Kaiserin. |l Česky |
| 245 | 1 | 0 | |a Sisi : |b císařovniny hvězdy / |c Mara Andecková ; z německého originálu Sisi - die Sterne der Kaiserin ... přeložila Zlata Kufnerová |
| 246 | 3 | 0 | |a Císařovniny hvězdy |
| 250 | |a Vydání první | ||
| 264 | 1 | |a Praha : |b Ikar, |c 2024 | |
| 300 | |a 350 stran ; |c 21 cm | ||
| 336 | |a text |b txt |2 rdacontent | ||
| 337 | |a bez média |b n |2 rdamedia | ||
| 338 | |a svazek |b nc |2 rdacarrier | ||
| 520 | 2 | |a Historický román založený na životě skutečné postavy Franzisky Angererové, dvorní kadeřnice císařovny Sisi. |b Pohled do života legendární císařovny Sisi očima její kadeřnice a nejbližší důvěrnice Fanny Angererové. Během jedné divadelní premiéry ve vídeňském Burgtheatru upoutá císařovnu Alžbětu nádherný účes představitelky hlavní role, a tak si následně vyžádá setkání s její kadeřnicí. Mladá Fanny, nemanželská dcera porodní báby, sotva dokáže pochopit své štěstí: Má se stát císařovninou osobní kadeřnicí! Nakladatelská anotace. Kráceno. | |
| 546 | |a Český text | ||
| 600 | 0 | 7 | |a Alžběta Amalie Eugenie, |c císařovna, choť Františka Josefa I., rakouského císaře, |d 1837-1898 |7 jn20000700035 |2 czenas |
| 600 | 1 | 7 | |a Feifalik, Franziska von, |d 1842-1911 |7 mzk20241214610 |2 czenas |
| 648 | 7 | |a 19. století |7 ch460557 |2 czenas | |
| 650 | 0 | 7 | |a panovnice |7 ph123930 |z Rakousko |y 19. století |2 czenas |
| 650 | 0 | 7 | |a kadeřnice |7 ph822478 |z Rakousko |y 19. století |2 czenas |
| 650 | 0 | 9 | |a queens and empresses |z Austria |y 19th century |2 eczenas |
| 650 | 0 | 9 | |a female hairdressers |z Austria |y 19th century |2 eczenas |
| 655 | 7 | |a německé romány |7 fd132945 |2 czenas | |
| 655 | 7 | |a historické romány |7 fd132414 |2 czenas | |
| 655 | 9 | |a German fiction |2 eczenas | |
| 655 | 9 | |a historical novels |2 eczenas | |
| 700 | 1 | |a Kufnerová, Zlata, |d 1935- |7 jk01070689 |4 trl | |
| 787 | 0 | 8 | |i Z cyklu: |t Významné ženy |
| 900 | |a ABA001 |b 20 | ||
| 928 | 9 | |a Euromedia Group - Ikar | |
| 044 | |a xr | ||
| 910 | |a RBIT002 | ||
| 998 | |d 392175 |a https://core.palmknihy.cz/api/books/392175/cover?s4kvph |b https://core.palmknihy.cz/api/books/392175/cover/400?s4kvph |c https://core.palmknihy.cz/api/books/392175/cover/50?s4kvph |e 2027-12-12 |g 352 |i 9788024952444 |j https://core.palmknihy.cz/api/books/392175/preview.epub |l |q 49 |r 1 |s https://www.palmknihy.cz/kniha/392175 |t ebook |y 2023 |z 0 | ||
| 999 | |d 312203 | ||